Normal view
MARC view
- تأليف عبد ربه،خيري
Entry Personal Name
001 - CONTROL NUMBER
- control field: 13488
003 - CONTROL NUMBER IDENTIFIER
- control field: JO-AjAnu
005 - DATE AND TIME OF LATEST TRANSACTION
- control field: 20230606072445.0
008 - FIXED-LENGTH DATA ELEMENTS
- fixed length control field: 230606|| aca||aabn | a|a d
040 ## - CATALOGING SOURCE
- Original cataloging agency: JO-AjAnu
- Transcribing agency: JO-AjAnu
100 ## - HEADING--PERSONAL NAME
- Personal name: تأليف عبد ربه،خيري
670 ## - SOURCE DATA FOUND
- Source citation: Work cat.: (JO-AjAnu)6940: تأليف عبد ربه،خيري, author, مواجهات في الأدب، الجزء الثاني